000
00204nam a2200085Ia 4500
008
120527s9999 xx 000 0 und d
100
_a
Charlin, Calhorm
245
_a
Public and private families
942
_c
BK
999
_c
27737
_d
27737